| 000 | 02165nam0a2200337 4500 | ||
|---|---|---|---|
| 001 | RU\NLR\bibl\1860779 | ||
| 005 | 20260408071909.0 | ||
| 021 |
_aRU _b2011-105926 _97582 |
||
| 035 | _a(NLR Aleph) 001850681 | ||
| 090 |
_a2397598 _c2397598 |
||
| 100 | _a20120126d2011 |||y0rusy50 ca | ||
| 101 | 0 | _arus | |
| 102 | _aRU | ||
| 105 | _aa ||||||||| | ||
| 200 | 1 |
_aЗдоровый образ жизни, валеология и основы медицинских знаний _eучебное пособие для студентов педагогических специальностей _fМ-во образования и науки Рос. Федерации, Федер. гос. бюджет. образоват. учреждение высш. проф. образования "Стерлитамак. гос. пед. акад. им. Зайнаб Биишевой" _g[авт.-сост.: к.м.н., доц. Эльвира Рашитовна Гильванова] |
|
| 210 |
_aСтерлитамак _cСтерлитамакская государственная педагогическая академия _d2011 |
||
| 215 |
_a320 с. _cил. _d20 |
||
| 320 | _aБиблиогр.: с. 308-317 | ||
| 606 | 1 |
_aЗдоровье _jУчебные издания для высших учебных заведений _xВлияние образа жизни _91187547 _3RU\NLR\auth\66478790 |
|
| 606 | 1 |
_aВалеология _jУчебные издания для высших учебных заведений _91220837 _3RU\NLR\auth\66178475 |
|
| 606 | 1 |
_aМедицина _jУчебные издания для высших учебных заведений _9892737 _3RU\NLR\auth\662895 |
|
| 686 | _aР120.4я73-1 | ||
| 686 | _aР.я73-1 | ||
| 702 | 1 |
_aГильванова _bЭ. Р. _gЭльвира Рашитовна _4220 |
|
| 712 | 0 | 2 |
_4570 _aСтерлитамакская государственная педагогическая академия им. Зайнаб Биишевой _3RU\NLR\AUTH\8810059206 _9619639 |
| 801 | 0 |
_aRU _bNLR _c20120126 _gRCR |
|
| 801 | 1 |
_aRU _bNLR _c20120126 |
|
| 942 | _cBOOK | ||
| 980 | _aNB | ||
| 980 | _aNBR | ||